Excellence in leadership : (Record no. 3742)

000 -LEADER
fixed length control field 00872pam a2200253 a 4500
001 - CONTROL NUMBER
control field 515326
003 - CONTROL NUMBER IDENTIFIER
control field OkBaRHE
005 - DATE AND TIME OF LATEST TRANSACTION
control field 20120331143430.0
008 - FIXED-LENGTH DATA ELEMENTS--GENERAL INFORMATION
fixed length control field 860213s1986 ilu 000 0 eng
010 ## - LIBRARY OF CONGRESS CONTROL NUMBER
LC control number 86002938
020 ## - INTERNATIONAL STANDARD BOOK NUMBER
International Standard Book Number 0877845700 (pbk.) :
040 ## - CATALOGING SOURCE
Original cataloging agency DLC
Transcribing agency DLC
Modifying agency DLC
050 00 - LIBRARY OF CONGRESS CALL NUMBER
Classification number BS 580 .N45
Item number W47 1986
082 00 - DEWEY DECIMAL CLASSIFICATION NUMBER
Classification number 222/.80924
Edition number 19
100 1# - MAIN ENTRY--PERSONAL NAME
Personal name White, John,
Dates associated with a name 1924 Mar. 5-2002.
9 (RLIN) 2317
245 10 - TITLE STATEMENT
Title Excellence in leadership :
Remainder of title reaching goals with prayer, courage & determination /
Statement of responsibility, etc John White.
260 ## - PUBLICATION, DISTRIBUTION, ETC. (IMPRINT)
Place of publication, distribution, etc Downers Grove, Ill. :
Name of publisher, distributor, etc InterVarsity Press,
Date of publication, distribution, etc c1986.
300 ## - PHYSICAL DESCRIPTION
Extent 132 p. ;
Dimensions 21 cm.
600 00 - SUBJECT ADDED ENTRY--PERSONAL NAME
Personal name Nehemiah
Titles and other words associated with a name (Governor of Judah)
9 (RLIN) 2318
630 00 - SUBJECT ADDED ENTRY--UNIFORM TITLE
Uniform title Bible.
Name of part/section of a work O.T.
-- Nehemiah
General subdivision Criticism, interpretation, etc.
9 (RLIN) 2319
650 #0 - SUBJECT ADDED ENTRY--TOPICAL TERM
Topical term or geographic name as entry element Christian leadership
General subdivision Case studies.
9 (RLIN) 2320
906 ## - LOCAL DATA ELEMENT F, LDF (RLIN)
a 7
b cbc
c orignew
d 1
e ocip
f 19
g y-gencatlg
942 ## - ADDED ENTRY ELEMENTS (KOHA)
Source of classification or shelving scheme
Koha item type Books
Copies
Shelving location Full call number Koha item type Withdrawn status Permanent Location Total Renewals Not for loan Date checked out Date last seen Date acquired Barcode Total Checkouts Source of classification or shelving scheme Price effective from Lost status Copy number Damaged status Current Location
General StacksBS 580 .N45W47Books RHEMA Bible Training College2 2010-11-192012-03-312010-04-1414742 2010-04-14 1 RHEMA Bible Training College